00530nam a22001817a 4500003000500000005001700005008004100022010001000063011001000073035001000083040000900093111013200102245001200234260003500246300002700281650003100308710000900339CHAP20220817041801.0971013s1961 r 10010 d a24411 a25383 a29483 cCHAP00aComité Intergubernamental Consultivo sobre la Campaña Mundial contra el Hambre. Período de sesiones (n3d: 1961c: Roma)1 aInforme a(s.l.) :b(El Comité),c1961 a13 p.b: 6 apéndices14aAlimentosxAbastecimiento.0 aFAO.